Statistics for Countries that border Poland

Click here to take the quiz!

General Stats

  • This quiz has been taken 27 times
  • The average score is 7 of 7

Answer Stats

Answer % Correct
Germany
100%
Belarus
96%
Czechia
96%
Lithuania
96%
Ukraine
96%
Russia
92%
Slovakia
92%

Score Distribution

Percentile by Number Answered

Percent of People with Each Score

Your Score History

You have not taken this quiz